[Event "Pruszcz Gdanski-ch"]
[Site "Pruszcz Gdanski"]
[Date "2008.03.02"]
[Round "3"]
[White "Murawski, Wieslaw"]
[Black "Kobus, Sebastian"]
[Result "1/2-1/2"]
[WhiteElo "2135"]
[BlackElo "1846"]
[PlyCount "88"]
[EventDate "2008.03.01"]
[EventType "swiss"]
[EventRounds "7"]
[EventCountry "POL"]
[SourceTitle "EXT 2023"]
[Source "ChessBase"]
[SourceDate "2022.10.05"]
[SourceVersion "1"]
[SourceVersionDate "2022.10.05"]
[SourceQuality "1"]

1. e4 e5 2. Nf3 Nf6 3. Nxe5 d6 4. Nf3 Nxe4 5. d4 d5 6. Bd3 Bg4 7. 0-0 Be7 8. c4 c6 9. h3 Bh5 10. cxd5 Qxd5 11. g4 Bg6 12. Re1 Nf6 13. Qe2 Qd8 14. Bxg6 hxg6 15. Kg2 Nbd7 16. Bg5 Nf8 17. Nc3 Ne6 18. Rad1 0-0 19. Bc1 Bb4 20. Qc4 Nd5 21. Re4 Bxc3 22. bxc3 g5 23. Ne5 Nef4+ 24. Bxf4 Nxf4+ 25. Kg3 Qd6 26. h4 Nd5 27. Kg2 f5 28. gxf5 Rxf5 29. f3 gxh4 30. Rxh4 Rg5+ 31. Kf2 Rf8 32. Rdh1 Rxe5 33. dxe5 Qxe5 34. Rh8+ Kf7 35. Rxf8+ Kxf8 36. Qc5+ Kf7 37. Qd4 Qf5 38. Re1 Qc2+ 39. Re2 Qxc3 40. Qxa7 Qb4 41. Re4 Qd2+ 42. Kg3 Qg5+ 43. Kh2 Qh5+ 44. Kg3 Qg5+ 1/2-1/2

[Event "Ostroda op"]
[Site "Ostroda"]
[Date "2007.08.07"]
[Round "3"]
[White "Murawski, Wieslaw"]
[Black "Sielicki, Tomasz"]
[Result "1/2-1/2"]
[WhiteElo "2138"]
[BlackElo "1945"]
[PlyCount "98"]
[EventDate "2007.08.06"]
[EventType "swiss"]
[EventRounds "9"]
[EventCountry "POL"]
[SourceTitle "EXT 2009"]
[Source "ChessBase"]
[SourceDate "2008.11.26"]
[SourceVersion "1"]
[SourceVersionDate "2008.11.26"]
[SourceQuality "1"]

1. e4 d6 2. d4 Nf6 3. Nc3 g6 4. Nf3 Bg7 5. Be2 c5 6. dxc5 Qa5 7. 0-0 Qxc5 8. Be3 Qa5 9. h3 0-0 10. Qd2 Nc6 11. Bh6 a6 12. Bxg7 Kxg7 13. a3 b5 14. Qe3 Be6 15. Ng5 Bc4 16. f4 Nd7 17. Bxc4 bxc4 18. b4 cxb3 19. cxb3 Qb6 20. Qxb6 Nxb6 21. Nf3 Rfc8 22. Ne2 Na5 23. Rac1 Rxc1 24. Rxc1 Rc8 25. Rxc8 Nxc8 26. Ned4 Nb6 27. Kf2 Nd7 28. e5 dxe5 29. fxe5 f5 30. Ke3 Nc5 31. Nd2 Nab7 32. b4 Nd7 33. Nc4 Nd8 34. a4 Kf7 35. b5 axb5 36. axb5 Ne6 37. b6 Ndc5 38. Nxe6 Kxe6 39. Na5 Kd7 40. Kd4 Ne6+ 41. Kc4 Kc8 42. Kb5 Nd8 43. Kc5 g5 44. Nb3 h5 45. Nd4 f4 46. Kd5 Kb7 47. Ke4 e6 48. h4 gxh4 49. Kxf4 Kxb6 1/2-1/2

[Event "Ostroda op"]
[Site "Ostroda"]
[Date "2007.08.07"]
[Round "2"]
[White "Staszko, Martin"]
[Black "Murawski, Wieslaw"]
[Result "0-1"]
[WhiteElo "2081"]
[BlackElo "2138"]
[PlyCount "140"]
[EventDate "2007.08.06"]
[EventType "swiss"]
[EventRounds "9"]
[EventCountry "POL"]
[SourceTitle "EXT 2009"]
[Source "ChessBase"]
[SourceDate "2008.11.26"]
[SourceVersion "1"]
[SourceVersionDate "2008.11.26"]
[SourceQuality "1"]

1. e4 e5 2. Bc4 Nc6 3. Nc3 Nf6 4. d3 Bc5 5. Bg5 h6 6. Be3 Bb6 7. Nge2 d6 8. Qd2 Be6 9. 0-0 Qd7 10. Bb3 Ba5 11. Rad1 0-0 12. h3 d5 13. exd5 Nxd5 14. Bc5 Rfe8 15. f4 b6 16. Bf2 Nxc3 17. bxc3 Rad8 18. fxe5 Nxe5 19. Bh4 g5 20. Bg3 Ng6 21. Rf6 c5 22. Bxe6 Rxe6 23. Rdf1 Rxf6 24. Rxf6 Re8 25. Rf1 Qe6 26. Nc1 Qe3+ 27. Qxe3 Rxe3 28. Kf2 Re6 29. Ne2 f5 30. Bb8 Ne7 31. Ke1 Bxc3+ 32. Kd1 Be5 33. Bxe5 Rxe5 34. Kd2 Kf7 35. Nc3 Kg6 36. a4 Nc6 37. Rb1 h5 38. Ne2 h4 39. Rh1 Re8 40. Nc3 Nd4 41. Rf1 Re5 42. Rb1 Kh5 43. Rf1 a6 44. Rf2 b5 45. axb5 axb5 46. Nd1 Kg6 47. Ne3 b4 48. Nc4 Re6 49. Ne3 Ra6 50. Kc1 Ra1+ 51. Kb2 Re1 52. Nc4 g4 53. hxg4 fxg4 54. Rf8 Re2 55. Rg8+ Kh5 56. Rh8+ Kg5 57. Nd6 Rxc2+ 58. Kb1 Rxg2 59. Ne4+ Kf4 60. Rxh4 Nf3 61. Rh8 Nd2+ 62. Nxd2 Rxd2 63. Rf8+ Kg3 64. Rf5 Rxd3 65. Rxc5 b3 66. Kb2 Kf2 67. Rf5+ Rf3 68. Rd5 g3 69. Rd2+ Kg1 70. Rd1+ Kf2 0-1

[Event "Ostroda op"]
[Site "Ostroda"]
[Date "2007.08.06"]
[Round "1"]
[White "Murawski, Wieslaw"]
[Black "Musialkiewicz, Jan"]
[Result "0-1"]
[WhiteElo "2138"]
[BlackElo "1926"]
[PlyCount "56"]
[EventDate "2007.08.06"]
[EventType "swiss"]
[EventRounds "9"]
[EventCountry "POL"]
[SourceTitle "EXT 2009"]
[Source "ChessBase"]
[SourceDate "2008.11.26"]
[SourceVersion "1"]
[SourceVersionDate "2008.11.26"]
[SourceQuality "1"]

1. e4 e5 2. Nf3 Nc6 3. d4 exd4 4. Nxd4 Bc5 5. Be3 Qf6 6. c3 Nge7 7. Bc4 Ne5 8. Be2 d5 9. 0-0 dxe4 10. Nd2 Qg6 11. Bh5 Nf3+ 12. Bxf3 exf3 13. Qxf3 0-0 14. Rfe1 Bxd4 15. Bxd4 Nc6 16. Bc5 Rd8 17. Nc4 Be6 18. Qf4 Rd5 19. Ba3 Rg5 20. Ne3 Ne5 21. Rad1 Bh3 22. g3 Qh5 23. Kh1 Nf3 24. Qxc7 h6 25. Be7 Nxe1 26. Bxg5 Qf3+ 27. Kg1 hxg5 28. Rxe1 Re8 0-1

[Event "Gdansk-ch"]
[Site "Gdansk"]
[Date "2007.07.28"]
[Round "8"]
[White "Murawski, Wieslaw"]
[Black "Nester, Ihor"]
[Result "0-1"]
[WhiteElo "2138"]
[BlackElo "2354"]
[PlyCount "76"]
[EventDate "2007.07.22"]
[EventType "swiss"]
[EventRounds "9"]
[EventCountry "POL"]
[SourceTitle "CBM 119 Extra"]
[Source "ChessBase"]
[SourceDate "2007.09.04"]
[SourceVersion "1"]
[SourceVersionDate "2007.09.04"]
[SourceQuality "1"]

1. e4 e5 2. Nf3 Nc6 3. d4 exd4 4. Nxd4 Nf6 5. Nxc6 bxc6 6. e5 Qe7 7. Qe2 Nd5 8. c4 Nb6 9. Nc3 a5 10. Qe4 g6 11. Bd3 Bg7 12. f4 Ba6 13. b3 0-0 14. 0-0 d5 15. Qf3 f6 16. exf6 Bxf6 17. Bb2 dxc4 18. Bc2 Kh8 19. Kh1 Qg7 20. Rad1 cxb3 21. Bxb3 Bxf1 22. Rxf1 a4 23. Be6 a3 24. Ba1 Na4 25. Nxa4 Rxa4 26. Qxc6 Raa8 27. Bxf6 Qxf6 28. Qc4 Rad8 29. Bd5 c6 30. Bf3 Rd4 31. Qb3 Qd6 32. Rc1 Rfxf4 33. Re1 Rf8 34. h3 Rd3 35. Qc4 c5 36. Rc1 Rdxf3 37. gxf3 Rxf3 38. Rc3 Rf2 0-1

[Event "Gdansk-ch"]
[Site "Gdansk"]
[Date "2007.07.27"]
[Round "7"]
[White "Murawski, Wieslaw"]
[Black "Zielinski, Stanislaw"]
[Result "1-0"]
[WhiteElo "2138"]
[BlackElo "2069"]
[PlyCount "83"]
[EventDate "2007.07.22"]
[EventType "swiss"]
[EventRounds "9"]
[EventCountry "POL"]
[SourceTitle "CBM 119 Extra"]
[Source "ChessBase"]
[SourceDate "2007.09.04"]
[SourceVersion "1"]
[SourceVersionDate "2007.09.04"]
[SourceQuality "1"]

1. e4 e5 2. Nf3 Nc6 3. d4 exd4 4. Nxd4 Nf6 5. Nxc6 bxc6 6. e5 Qe7 7. Qe2 Nd5 8. c4 Nb6 9. Nc3 a5 10. Bd2 Ba6 11. Qe4 Qe6 12. b3 Bb7 13. Bd3 0-0-0 14. 0-0 Bc5 15. Ne2 Rhe8 16. Bxa5 d5 17. Qf4 Qxe5 18. Bc3 Qxf4 19. Nxf4 g6 20. Rfe1 Nd7 21. Bf1 Bd6 22. Nd3 f6 23. Rac1 Ne5 24. cxd5 cxd5 25. Bd4 Nxd3 26. Bxd3 Bf4 27. Rcd1 Be5 28. Bc5 Bc3 29. Rxe8 Rxe8 30. a4 Bc6 31. Kf1 Kb7 32. Bc2 f5 33. b4 d4 34. f3 Rd8 35. Kf2 Be8 36. Bb3 d3 37. b5 f4 38. g3 g5 39. Be7 Rd7 40. Bxg5 fxg3+ 41. hxg3 Kb6 42. Be6 1-0

[Event "Gdansk-ch"]
[Site "Gdansk"]
[Date "2007.07.26"]
[Round "6"]
[White "Bieluszewski, Piotr"]
[Black "Murawski, Wieslaw"]
[Result "0-1"]
[WhiteElo "2144"]
[BlackElo "2138"]
[PlyCount "62"]
[EventDate "2007.07.22"]
[EventType "swiss"]
[EventRounds "9"]
[EventCountry "POL"]
[SourceTitle "CBM 119 Extra"]
[Source "ChessBase"]
[SourceDate "2007.09.04"]
[SourceVersion "1"]
[SourceVersionDate "2007.09.04"]
[SourceQuality "1"]

1. e4 e5 2. Nf3 Nc6 3. Bb5 a6 4. Ba4 Nf6 5. 0-0 Be7 6. Re1 b5 7. Bb3 d6 8. c3 0-0 9. d3 Na5 10. Bc2 c5 11. h3 Re8 12. d4 cxd4 13. cxd4 Qc7 14. Nbd2 exd4 15. Nxd4 Bf8 16. Nf1 Bb7 17. Ng3 d5 18. exd5 Rxe1+ 19. Qxe1 Re8 20. Qd1 Nxd5 21. Nge2 g6 22. Nb3 Nc4 23. Bd3 Bg7 24. Bxc4 bxc4 25. Nbd4 c3 26. Qa4 Re4 27. f3 Re7 28. Qa3 Qb6 29. Kf1 Bxd4 30. bxc3 Bc5 31. Qa4 Rxe2 0-1